000 00494nam a2200181 i 4500
001 156454
003 ES-MaACL
005 20250826053621.0
008 991201s1892 fr |||| | fre d
100 1 _aJouvin, Léon.
_9128373
245 1 3 _aLe pessimisme /
_cpar Léon Jouvin.
260 _aParis :
_bPerrin et Cie.,
_c1892.
300 _a512 p. ;
_c22 cm.
650 7 _aPesimismo
_2embne
_9170652
752 _aFrancia -
_dParís
852 _aES-MaACL
_jG-6094
999 _c156454
_d156454